[Event "Girls U12 Polish Youth Championship"]
[Site "chess24.com"]
[Date "2018.04.30"]
[Round "3"]
[White "Janikowska, Wiktoria"]
[Black "Siekanska, Maria"]
[Result "0-1"]
[Board "8"]
[WhiteElo "1369"]
[WhiteCountry "POL"]
[WhiteFideId "21836388"]
[WhiteEloChange "-5"]
[BlackElo "1550"]
[BlackCountry "POL"]
[BlackFideId "21852650"]
[BlackEloChange "5"]

1. e4 {[%clk 1:30:56]} c5 {[%clk 1:30:56]} 2. Nf3 {[%clk 1:31:19]} e6 {[%clk
1:31:23]} 3. d4 {[%clk 1:31:44]} cxd4 {[%clk 1:31:50]} 4. Nxd4 {[%clk 1:32:03]}
Nf6 {[%clk 1:32:15]} 5. Nc3 {[%clk 1:32:25]} d6 {[%clk 1:32:39]} 6. Be3 {[%clk
1:32:47]} Be7 {[%clk 1:33:00]} 7. f4 {[%clk 1:33:05]} O-O {[%clk 1:33:23]} 8. Qf3
{[%clk 1:33:08]} a6 {[%clk 1:32:31]} 9. g4 {[%clk 1:32:49]} Qc7 {[%clk 1:32:11]}
10. Rg1 {[%clk 1:21:37]} Nc6 {[%clk 1:29:16]} 11. O-O-O {[%clk 1:17:23]} Nxd4
{[%clk 1:28:37]} 12. Bxd4 {[%clk 1:17:22]} b5 {[%clk 1:28:15]} 13. a3 {[%clk
1:15:47]} d5 {[%clk 1:25:03]} 14. e5 {[%clk 1:10:02]} Nd7 {[%clk 1:25:07]} 15.
Bd3 {[%clk 1:08:48]} Nc5 {[%clk 1:24:56]} 16. Rg3 {[%clk 1:07:20]} f6 {[%clk
1:11:41]} 17. Rh3 {[%clk 0:57:10]} g6 {[%clk 1:11:13]} 18. Qg3 {[%clk 0:50:19]}
fxe5 {[%clk 1:09:54]} 19. Bxe5 {[%clk 0:45:10]} Bd6 {[%clk 1:10:08]} 20. Bxd6
{[%clk 0:39:32]} Qxd6 {[%clk 1:10:20]} 21. f5 {[%clk 0:21:13]} Qxg3 {[%clk
1:08:13]} 22. Rxg3 {[%clk 0:20:30]} d4 {[%clk 1:05:16]} 23. Ne2 {[%clk 0:19:28]}
exf5 {[%clk 1:05:10]} 24. gxf5 {[%clk 0:18:51]} Nxd3+ {[%clk 1:05:29]} 25. Rgxd3
{[%clk 0:18:48]} Bxf5 {[%clk 1:05:27]} 26. Rxd4 {[%clk 0:19:07]} Rac8 {[%clk
1:03:10]} 27. c3 {[%clk 0:18:39]} Rc4 {[%clk 1:01:32]} 28. Rxc4 {[%clk 0:18:17]}
bxc4 {[%clk 1:01:54]} 29. Ng3 {[%clk 0:18:07]} Bd3 {[%clk 1:01:53]} 30. b3 {[%clk
0:14:15]} Rb8 {[%clk 0:58:59]} 31. bxc4 {[%clk 0:13:35]} Bxc4 {[%clk 0:59:18]}
32. Rd4 {[%clk 0:13:18]} Bf7 {[%clk 0:57:46]} 33. Rb4 {[%clk 0:12:42]} Rc8 {[%clk
0:57:08]} 34. Kc2 {[%clk 0:12:41]} Bc4 {[%clk 0:53:29]} 35. a4 {[%clk 0:11:30]}
a5 {[%clk 0:51:40]} 36. Rb7 {[%clk 0:10:22]} Rf8 {[%clk 0:51:27]} 37. Rd7 {[%clk
0:10:34]} Rf2+ {[%clk 0:51:37]} 38. Rd2 {[%clk 0:10:57]} Bb3+ {[%clk 0:51:55]}
39. Kc1 {[%clk 0:09:37]} Rxd2 {[%clk 0:50:44]} 40. Kxd2 {[%clk 0:10:00]} Bxa4
{[%clk 0:51:10]} 41. Ne4 {[%clk 0:10:02]} Bc6 {[%clk 0:51:22]} 42. Nc5 {[%clk
0:10:09]} Kf7 {[%clk 0:51:29]} 43. Ke3 {[%clk 0:10:08]} Ke7 {[%clk 0:51:44]} 44.
Nb3 {[%clk 0:09:41]} a4 {[%clk 0:51:45]} 45. Nc5 {[%clk 0:08:23]} Kd6 {[%clk
0:51:51]} 46. Nxa4 {[%clk 0:05:44]} Bxa4 {[%clk 0:52:14]} 47. Kf4 {[%clk
0:06:00]} Bb3 {[%clk 0:52:16]} 48. Kg5 {[%clk 0:06:22]} Bg8 {[%clk 0:52:42]} 49.
Kh6 {[%clk 0:06:13]} Ke5 {[%clk 0:52:25]} 50. Kg7 {[%clk 0:06:30]} g5 {[%clk
0:52:49]} 51. Kxg8 {[%clk 0:06:52]} h5 {[%clk 0:53:15]} 52. Kg7 {[%clk 0:07:13]}
g4 {[%clk 0:53:36]} 53. Kg6 {[%clk 0:06:57]} h4 {[%clk 0:54:00]} 54. c4 {[%clk
0:07:18]} g3 {[%clk 0:54:24]} 55. hxg3 {[%clk 0:07:21]} hxg3 {[%clk 0:54:49]} 56.
c5 {[%clk 0:07:45]} g2 {[%clk 0:55:12]} 57. c6 {[%clk 0:08:07]} 0-1

[Event "Girls U12 Polish Youth Championship"]
[Site "chess24.com"]
[Date "2018.04.30"]
[Round "3"]
[White "Pudelko, Magdalena"]
[Black "Pastuszko, Katarzyna"]
[Result "0-1"]
[Board "9"]
[WhiteElo "1241"]
[WhiteCountry "POL"]
[WhiteFideId "21839093"]
[WhiteEloChange "-7"]
[BlackElo "1357"]
[BlackCountry "POL"]
[BlackFideId "21844615"]
[BlackEloChange "7"]

1. e4 {[%clk 1:30:30]} e5 {[%clk 1:30:49]} 2. Nf3 {[%clk 1:30:54]} Nc6 {[%clk
1:31:08]} 3. Bc4 {[%clk 1:30:50]} Nf6 {[%clk 1:30:53]} 4. d3 {[%clk 1:31:13]} Bc5
{[%clk 1:30:51]} 5. c3 {[%clk 1:31:35]} d6 {[%clk 1:29:37]} 6. O-O {[%clk
1:31:41]} a6 {[%clk 1:26:58]} 7. Bb3 {[%clk 1:32:04]} h6 {[%clk 1:24:24]} 8. h3
{[%clk 1:32:25]} g5 {[%clk 1:24:03]} 9. Re1 {[%clk 1:31:26]} Bd7 {[%clk 1:21:16]}
10. Nbd2 {[%clk 1:31:30]} Qe7 {[%clk 1:20:34]} 11. Nf1 {[%clk 1:30:30]} O-O-O
{[%clk 1:19:31]} 12. Be3 {[%clk 1:29:37]} Bxe3 {[%clk 1:17:23]} 13. Nxe3 {[%clk
1:30:02]} g4 {[%clk 1:16:40]} 14. hxg4 {[%clk 1:29:53]} Nxg4 {[%clk 1:14:13]} 15.
Nd5 {[%clk 1:29:01]} Qf8 {[%clk 1:11:36]} 16. a4 {[%clk 1:27:07]} Qg7 {[%clk
1:09:07]} 17. Bc2 {[%clk 1:25:56]} Rdg8 {[%clk 0:59:59]} 18. Qe2 {[%clk 1:24:21]}
Nf6 {[%clk 0:51:57]} 19. Qf1 {[%clk 1:24:02]} Bh3 {[%clk 0:49:04]} 20. Nh4 {[%clk
1:19:35]} Nxd5 {[%clk 0:48:15]} 21. exd5 {[%clk 1:19:40]} Ne7 {[%clk 0:48:01]}
22. Kh1 {[%clk 1:13:21]} Bg4 {[%clk 0:44:19]} 23. c4 {[%clk 1:13:11]} Qg5 {[%clk
0:44:19]} 24. g3 {[%clk 1:10:57]} Nf5 {[%clk 0:39:23]} 25. Nxf5 {[%clk 1:10:07]}
Bf3+ {[%clk 0:38:52]} 26. Kh2 {[%clk 1:07:13]} Qxf5 {[%clk 0:36:06]} 27. b4
{[%clk 1:05:22]} Rg5 {[%clk 0:35:15]} 28. Re4 {[%clk 1:00:39]} Rh5+ {[%clk
0:33:28]} 29. Rh4 {[%clk 1:00:38]} Rxh4+ {[%clk 0:33:55]} 30. gxh4 {[%clk
1:00:27]} Qf4+ {[%clk 0:34:21]} 31. Kh3 {[%clk 0:57:57]} Qg4+ {[%clk 0:34:37]}
32. Kh2 {[%clk 0:57:38]} Qxh4+ {[%clk 0:35:00]} 33. Qh3+ {[%clk 0:57:50]} Qxh3+
{[%clk 0:35:11]} 34. Kxh3 {[%clk 1:00:03]} Rg8 {[%clk 0:34:41]} 35. Bd1 {[%clk
0:56:01]} Rg1 {[%clk 0:34:30]} 36. Bxf3 {[%clk 0:54:21]} Rxa1 {[%clk 0:34:41]}
37. a5 {[%clk 0:52:22]} Rb1 {[%clk 0:34:16]} 38. Kh4 {[%clk 0:51:55]} Rxb4 {[%clk
0:34:01]} 39. Kh5 {[%clk 0:52:06]} Ra4 {[%clk 0:34:07]} 40. Kxh6 {[%clk 0:51:59]}
Rxa5 {[%clk 0:33:58]} 41. Kg7 {[%clk 0:51:17]} Ra2 {[%clk 0:34:15]} 42. Bg4+
{[%clk 0:50:40]} Kd8 {[%clk 0:34:06]} 43. Kxf7 {[%clk 0:49:05]} Rxf2+ {[%clk
0:33:42]} 44. Ke6 {[%clk 0:48:07]} a5 {[%clk 0:33:38]} 45. c5 {[%clk 0:45:45]}
dxc5 {[%clk 0:32:29]} 46. d6 {[%clk 0:45:35]} cxd6 {[%clk 0:32:17]} 47. d4 {[%clk
0:45:42]} a4 {[%clk 0:32:17]} 48. d5 {[%clk 0:46:08]} a3 {[%clk 0:32:31]} 49. Bf5
{[%clk 0:44:41]} a2 {[%clk 0:32:53]} 50. Bb1 {[%clk 0:44:56]} axb1Q {[%clk
0:33:09]} 51. Kxd6 {[%clk 0:44:36]} Rf6+ {[%clk 0:33:09]} 52. Kxe5 {[%clk
0:44:18]} Qf5# {[%clk 0:33:29]} 0-1

[Event "Girls U12 Polish Youth Championship"]
[Site "chess24.com"]
[Date "2018.04.30"]
[Round "3"]
[White "Obrochta, Lena"]
[Black "Kucharska, Helena"]
[Result "1-0"]
[Board "10"]
[WhiteElo "1342"]
[WhiteCountry "POL"]
[WhiteFideId "21836477"]
[WhiteEloChange "7"]
[BlackElo "1247"]
[BlackCountry "POL"]
[BlackFideId "1195760"]
[BlackEloChange "-7"]

1. e4 {[%clk 1:30:56]} e6 {[%clk 1:30:50]} 2. d4 {[%clk 1:31:22]} d5 {[%clk
1:30:59]} 3. Nd2 {[%clk 1:31:34]} Nf6 {[%clk 1:30:51]} 4. e5 {[%clk 1:31:52]}
Nfd7 {[%clk 1:31:09]} 5. Bd3 {[%clk 1:32:00]} c5 {[%clk 1:31:10]} 6. c3 {[%clk
1:32:13]} Nc6 {[%clk 1:31:26]} 7. Ne2 {[%clk 1:32:21]} Qb6 {[%clk 1:31:22]} 8.
Nf3 {[%clk 1:31:18]} Be7 {[%clk 1:29:02]} 9. O-O {[%clk 1:27:45]} f6 {[%clk
1:21:24]} 10. exf6 {[%clk 1:25:45]} Nxf6 {[%clk 1:20:39]} 11. Bc2 {[%clk
1:20:26]} O-O {[%clk 1:19:37]} 12. Ne5 {[%clk 1:18:23]} Nxe5 {[%clk 1:13:47]} 13.
dxe5 {[%clk 1:18:31]} Ng4 {[%clk 1:12:35]} 14. Qd3 {[%clk 1:15:26]} g6 {[%clk
0:42:27]} 15. Qg3 {[%clk 1:11:54]} Nxe5 {[%clk 0:29:18]} 16. Qxe5 {[%clk
1:09:26]} Bd6 {[%clk 0:29:31]} 17. Qg5 {[%clk 1:06:24]} Bd7 {[%clk 0:26:19]} 18.
Nf4 {[%clk 0:57:03]} Bxf4 {[%clk 0:22:56]} 19. Bxf4 {[%clk 0:57:25]} Qxb2 {[%clk
0:21:42]} 20. Bxg6 {[%clk 0:57:37]} Qxc3 {[%clk 0:19:15]} 21. Be5 {[%clk
0:57:38]} 1-0

[Event "Girls U12 Polish Youth Championship"]
[Site "chess24.com"]
[Date "2018.04.30"]
[Round "3"]
[White "Grzesik, Nikola"]
[Black "Mazurek, Maja"]
[Result "1/2-1/2"]
[Board "11"]
[WhiteElo "1313"]
[WhiteCountry "POL"]
[WhiteFideId "21816590"]
[WhiteEloChange "-2"]
[BlackElo "1233"]
[BlackCountry "POL"]
[BlackFideId "21836426"]
[BlackEloChange "2"]

1. e4 {[%clk 1:30:57]} d5 {[%clk 1:30:51]} 2. exd5 {[%clk 1:31:23]} Qxd5 {[%clk
1:31:15]} 3. Nc3 {[%clk 1:31:47]} Qa5 {[%clk 1:30:59]} 4. Nf3 {[%clk 1:32:04]}
Nf6 {[%clk 1:31:03]} 5. Bc4 {[%clk 1:29:19]} Bf5 {[%clk 1:30:17]} 6. O-O {[%clk
1:28:26]} c6 {[%clk 1:30:31]} 7. d4 {[%clk 1:27:26]} e6 {[%clk 1:29:28]} 8. Bd2
{[%clk 1:26:09]} Qc7 {[%clk 1:27:29]} 9. a3 {[%clk 1:23:28]} Bd6 {[%clk 1:26:39]}
10. h3 {[%clk 1:22:33]} O-O {[%clk 1:26:14]} 11. Re1 {[%clk 1:21:51]} Nbd7 {[%clk
1:25:58]} 12. Bb3 {[%clk 1:21:44]} h6 {[%clk 1:25:39]} 13. Qe2 {[%clk 1:19:59]}
Rfe8 {[%clk 1:16:48]} 14. Qc4 {[%clk 1:10:30]} Rac8 {[%clk 1:15:16]} 15. Nh4
{[%clk 1:07:18]} Bh7 {[%clk 1:14:36]} 16. Rad1 {[%clk 0:59:56]} Nd5 {[%clk
1:11:31]} 17. Nxd5 {[%clk 0:54:25]} cxd5 {[%clk 1:05:41]} 18. Qxc7 {[%clk
0:53:47]} Rxc7 {[%clk 1:04:04]} 19. c3 {[%clk 0:52:01]} Nb6 {[%clk 1:03:17]} 20.
Nf3 {[%clk 0:50:37]} Nd7 {[%clk 0:54:19]} 21. Ba4 {[%clk 0:47:32]} a6 {[%clk
0:53:48]} 22. Bxd7 {[%clk 0:47:41]} Rxd7 {[%clk 0:54:00]} 23. Ne5 {[%clk
0:47:42]} Bxe5 {[%clk 0:53:53]} 24. dxe5 {[%clk 0:46:16]} Red8 {[%clk 0:53:57]}
25. Be3 {[%clk 0:46:03]} Bg6 {[%clk 0:47:18]} 26. Rd2 {[%clk 0:44:27]} Rc8 {[%clk
0:46:39]} 27. Bd4 {[%clk 0:43:30]} Rc6 {[%clk 0:42:48]} 28. f3 {[%clk 0:42:49]}
Kf8 {[%clk 0:41:24]} 29. Kf2 {[%clk 0:43:09]} Ke7 {[%clk 0:41:37]} 30. g4 {[%clk
0:42:52]} Bh7 {[%clk 0:40:57]} 31. h4 {[%clk 0:42:54]} Rd8 {[%clk 0:40:14]} 32.
g5 {[%clk 0:40:44]} h5 {[%clk 0:39:49]} 33. Kg3 {[%clk 0:40:08]} 1/2-1/2

[Event "Girls U12 Polish Youth Championship"]
[Site "chess24.com"]
[Date "2018.04.30"]
[Round "3"]
[White "Garbowska, Maja"]
[Black "Arciszewska, Zuzanna"]
[Result "1/2-1/2"]
[Board "12"]
[WhiteElo "1207"]
[WhiteCountry "POL"]
[WhiteFideId "21816573"]
[WhiteEloChange "3"]
[BlackElo "1302"]
[BlackCountry "POL"]
[BlackFideId "21816549"]
[BlackEloChange "-3"]

1. e4 {[%clk 1:30:58]} e5 {[%clk 1:30:47]} 2. Nf3 {[%clk 1:31:22]} Nc6 {[%clk
1:30:55]} 3. Bc4 {[%clk 1:31:29]} Bc5 {[%clk 1:30:22]} 4. d3 {[%clk 1:31:16]} Nf6
{[%clk 1:29:48]} 5. c3 {[%clk 1:30:03]} d6 {[%clk 1:28:37]} 6. a4 {[%clk
1:29:30]} a6 {[%clk 1:28:02]} 7. O-O {[%clk 1:29:07]} O-O {[%clk 1:26:08]} 8.
Nbd2 {[%clk 1:27:07]} Be6 {[%clk 1:22:47]} 9. Re1 {[%clk 1:24:34]} h6 {[%clk
1:19:35]} 10. Nf1 {[%clk 1:22:36]} Bxc4 {[%clk 1:18:12]} 11. dxc4 {[%clk
1:22:49]} Ne7 {[%clk 1:18:04]} 12. Ng3 {[%clk 1:22:26]} Ng6 {[%clk 1:18:06]} 13.
Nf5 {[%clk 1:18:46]} Nh5 {[%clk 1:11:23]} 14. Nxe5 {[%clk 1:16:53]} Nxe5 {[%clk
1:08:52]} 15. Qxh5 {[%clk 1:15:38]} Qf6 {[%clk 1:07:23]} 16. Qe2 {[%clk 1:14:11]}
Rfe8 {[%clk 1:05:06]} 17. Be3 {[%clk 1:10:48]} Bxe3 {[%clk 1:04:21]} 18. Nxe3
{[%clk 1:10:57]} c6 {[%clk 0:58:12]} 19. Nf5 {[%clk 1:09:52]} Re6 {[%clk
0:56:49]} 20. Rad1 {[%clk 1:05:06]} Rae8 {[%clk 0:53:58]} 21. Nd4 {[%clk
1:04:45]} R6e7 {[%clk 0:52:02]} 22. Nf5 {[%clk 1:02:23]} Re6 {[%clk 0:52:13]} 23.
Nd4 {[%clk 1:02:34]} R6e7 {[%clk 0:52:08]} 24. Nf5 {[%clk 1:02:49]} Re6 {[%clk
0:52:20]} 25. Nd4 {[%clk 1:03:07]} R6e7 {[%clk 0:52:29]} 26. Nf5 {[%clk 1:02:47]}
Re6 {[%clk 0:52:51]} 1/2-1/2

[Event "Girls U12 Polish Youth Championship"]
[Site "chess24.com"]
[Date "2018.04.30"]
[Round "3"]
[White "Bar, Klaudia"]
[Black "Skolska, Emilia"]
[Result "1-0"]
[Board "13"]
[WhiteElo "1295"]
[WhiteCountry "POL"]
[WhiteFideId "21836337"]
[WhiteEloChange "8"]
[BlackElo "1211"]
[BlackCountry "POL"]
[BlackFideId "21883645"]
[BlackEloChange "-8"]

1. e4 {[%clk 1:30:55]} e5 {[%clk 1:30:55]} 2. Nf3 {[%clk 1:31:11]} Nc6 {[%clk
1:31:18]} 3. Bb5 {[%clk 1:31:15]} a6 {[%clk 1:31:33]} 4. Ba4 {[%clk 1:30:56]} d6
{[%clk 1:31:34]} 5. O-O {[%clk 1:31:03]} Ne7 {[%clk 1:31:52]} 6. c3 {[%clk
1:31:07]} Bd7 {[%clk 1:32:10]} 7. d4 {[%clk 1:30:00]} Ng6 {[%clk 1:31:23]} 8. Re1
{[%clk 1:19:41]} b5 {[%clk 1:28:06]} 9. Bb3 {[%clk 1:19:54]} Na5 {[%clk 1:28:20]}
10. Bc2 {[%clk 1:19:48]} Be7 {[%clk 1:28:36]} 11. Nbd2 {[%clk 1:19:26]} c5 {[%clk
1:28:30]} 12. d5 {[%clk 1:19:16]} O-O {[%clk 1:26:47]} 13. Nf1 {[%clk 1:18:45]}
f5 {[%clk 1:26:38]} 14. exf5 {[%clk 1:18:19]} Bxf5 {[%clk 1:26:50]} 15. Bxf5
{[%clk 1:18:32]} Rxf5 {[%clk 1:27:13]} 16. Ne3 {[%clk 1:17:58]} Rf8 {[%clk
1:27:08]} 17. a4 {[%clk 1:13:48]} c4 {[%clk 1:18:10]} 18. Nd2 {[%clk 1:11:11]}
Qe8 {[%clk 1:17:35]} 19. axb5 {[%clk 1:10:29]} axb5 {[%clk 1:17:46]} 20. Ne4
{[%clk 1:09:53]} Qf7 {[%clk 1:17:22]} 21. f3 {[%clk 0:42:47]} Nf4 {[%clk
1:08:38]} 22. Qc2 {[%clk 0:26:25]} Nxd5 {[%clk 1:01:25]} 23. Nxd5 {[%clk
0:26:02]} Qxd5 {[%clk 1:01:45]} 24. Rd1 {[%clk 0:25:41]} Qc6 {[%clk 0:58:14]} 25.
Bg5 {[%clk 0:25:05]} Bxg5 {[%clk 0:55:28]} 26. Nxg5 {[%clk 0:25:18]} g6 {[%clk
0:52:33]} 27. h4 {[%clk 0:23:19]} Qb6+ {[%clk 0:48:17]} 28. Kh1 {[%clk 0:21:50]}
Nb7 {[%clk 0:46:16]} 29. h5 {[%clk 0:21:24]} Qe3 {[%clk 0:45:02]} 30. Ne6 {[%clk
0:20:32]} Rfc8 {[%clk 0:42:40]} 31. Rxa8 {[%clk 0:19:22]} Rxa8 {[%clk 0:43:04]}
32. Nc7 {[%clk 0:19:24]} Rd8 {[%clk 0:42:42]} 33. hxg6 {[%clk 0:17:31]} Qh6+
{[%clk 0:42:48]} 34. Kg1 {[%clk 0:17:22]} Qxg6 {[%clk 0:43:06]} 35. Qd2 {[%clk
0:16:56]} Nc5 {[%clk 0:41:07]} 36. Qd5+ {[%clk 0:13:52]} Qf7 {[%clk 0:40:28]} 37.
Nxb5 {[%clk 0:13:51]} Qxd5 {[%clk 0:40:13]} 38. Rxd5 {[%clk 0:14:08]} Nd3 {[%clk
0:40:25]} 39. Rxd6 {[%clk 0:13:21]} Rxd6 {[%clk 0:40:48]} 40. Nxd6 {[%clk
0:13:42]} Nxb2 {[%clk 0:41:07]} 41. Kf1 {[%clk 0:13:49]} Kf8 {[%clk 0:41:15]} 42.
Ke2 {[%clk 0:13:45]} Ke7 {[%clk 0:41:39]} 43. Ne4 {[%clk 0:14:00]} Nd3 {[%clk
0:41:44]} 44. Kd1 {[%clk 0:12:43]} h6 {[%clk 0:41:54]} 45. Nd2 {[%clk 0:12:37]}
Kd6 {[%clk 0:41:21]} 46. Nxc4+ {[%clk 0:12:51]} Kd5 {[%clk 0:41:43]} 47. Ne3+
{[%clk 0:12:50]} Ke6 {[%clk 0:42:02]} 48. Kd2 {[%clk 0:12:56]} Nf4 {[%clk
0:41:58]} 49. Kc2 {[%clk 0:12:36]} Nd5 {[%clk 0:42:10]} 50. Nxd5 {[%clk 0:12:46]}
Kxd5 {[%clk 0:42:35]} 51. Kd3 {[%clk 0:13:09]} Kd6 {[%clk 0:42:46]} 52. Ke4
{[%clk 0:13:31]} Ke6 {[%clk 0:43:06]} 53. c4 {[%clk 0:13:57]} Kd6 {[%clk
0:43:20]} 54. c5+ {[%clk 0:13:42]} 1-0

[Event "Girls U12 Polish Youth Championship"]
[Site "chess24.com"]
[Date "2018.04.30"]
[Round "3"]
[White "Giemza, Julia"]
[Black "Palejko, Maria"]
[Result "1/2-1/2"]
[Board "14"]
[WhiteElo "1195"]
[WhiteCountry "POL"]
[WhiteFideId "21872112"]
[WhiteEloChange "3"]
[BlackElo "1294"]
[BlackCountry "POL"]
[BlackFideId "21838208"]
[BlackEloChange "-3"]

1. d4 {[%clk 1:30:30]} d5 {[%clk 1:30:54]} 2. c4 {[%clk 1:30:39]} e6 {[%clk
1:30:09]} 3. Nc3 {[%clk 1:30:11]} Nf6 {[%clk 1:30:22]} 4. Nf3 {[%clk 1:28:51]}
Be7 {[%clk 1:29:58]} 5. e3 {[%clk 1:24:23]} O-O {[%clk 1:29:43]} 6. Bd3 {[%clk
1:24:10]} dxc4 {[%clk 1:29:08]} 7. Bxc4 {[%clk 1:24:08]} b6 {[%clk 1:28:22]} 8.
O-O {[%clk 1:20:27]} Bb7 {[%clk 1:27:28]} 9. b3 {[%clk 1:18:47]} Nbd7 {[%clk
1:24:27]} 10. Bb2 {[%clk 1:17:02]} c5 {[%clk 1:20:14]} 11. d5 {[%clk 1:09:08]}
exd5 {[%clk 1:19:07]} 12. Nxd5 {[%clk 1:08:53]} Nxd5 {[%clk 1:17:26]} 13. Bxd5
{[%clk 1:09:08]} Bxd5 {[%clk 1:17:40]} 14. Qxd5 {[%clk 1:09:06]} Bf6 {[%clk
1:16:25]} 15. Rab1 {[%clk 1:07:33]} Ne5 {[%clk 1:12:58]} 16. Qe4 {[%clk 1:03:51]}
Nxf3+ {[%clk 1:12:00]} 17. Qxf3 {[%clk 1:04:02]} Bxb2 {[%clk 1:11:35]} 18. Rxb2
{[%clk 1:04:20]} Qg5 {[%clk 1:11:32]} 19. Rd1 {[%clk 1:01:59]} Rfd8 {[%clk
1:06:55]} 20. Rbd2 {[%clk 1:01:33]} h6 {[%clk 1:04:43]} 21. Rd7 {[%clk 1:00:31]}
Rf8 {[%clk 1:03:09]} 22. Rc7 {[%clk 1:00:11]} Qg6 {[%clk 1:01:31]} 23. h3 {[%clk
0:58:16]} a5 {[%clk 0:49:39]} 24. Rd2 {[%clk 0:52:54]} Rac8 {[%clk 0:42:27]} 25.
Rcd7 {[%clk 0:52:51]} Qc6 {[%clk 0:37:50]} 26. Qg3 {[%clk 0:49:05]} c4 {[%clk
0:31:56]} 27. bxc4 {[%clk 0:41:11]} Qxc4 {[%clk 0:32:03]} 28. Qd6 {[%clk
0:40:10]} b5 {[%clk 0:30:08]} 29. Qb6 {[%clk 0:39:46]} a4 {[%clk 0:29:20]} 30.
Kh2 {[%clk 0:33:30]} Qc5 {[%clk 0:22:45]} 31. R7d6 {[%clk 0:26:35]} Qxb6 {[%clk
0:21:11]} 32. Rxb6 {[%clk 0:26:42]} Rb8 {[%clk 0:21:36]} 33. Rbd6 {[%clk
0:25:34]} b4 {[%clk 0:19:43]} 34. R6d4 {[%clk 0:25:24]} b3 {[%clk 0:15:55]} 35.
axb3 {[%clk 0:24:43]} axb3 {[%clk 0:16:18]} 36. Rb2 {[%clk 0:24:52]} Rfc8 {[%clk
0:16:14]} 37. Rd3 {[%clk 0:24:15]} Rc2 {[%clk 0:15:00]} 38. Rxc2 {[%clk 0:23:56]}
bxc2 {[%clk 0:15:16]} 39. Rc3 {[%clk 0:24:19]} Rb2 {[%clk 0:15:23]} 40. Rc8+
{[%clk 0:24:37]} Kh7 {[%clk 0:15:40]} 41. Rc6 {[%clk 0:24:51]} f6 {[%clk
0:15:01]} 42. Kg3 {[%clk 0:24:30]} g5 {[%clk 0:15:06]} 43. h4 {[%clk 0:23:43]}
Kg6 {[%clk 0:14:14]} 44. hxg5 {[%clk 0:23:29]} hxg5 {[%clk 0:14:19]} 45. Kg4
{[%clk 0:22:13]} c1Q {[%clk 0:12:44]} 46. Rxc1 {[%clk 0:22:35]} Rxf2 {[%clk
0:13:03]} 47. Kg3 {[%clk 0:22:51]} Ra2 {[%clk 0:12:58]} 48. Rc5 {[%clk 0:22:07]}
Ra3 {[%clk 0:12:34]} 49. Kf2 {[%clk 0:22:03]} Ra2+ {[%clk 0:12:06]} 50. Kg3
{[%clk 0:22:10]} f5 {[%clk 0:11:20]} 51. Rc3 {[%clk 0:20:37]} g4 {[%clk 0:10:12]}
52. Rc6+ {[%clk 0:17:39]} Kg5 {[%clk 0:09:47]} 53. Rc4 {[%clk 0:17:47]} Re2
{[%clk 0:08:54]} 54. Rc3 {[%clk 0:17:00]} Rxe3+ {[%clk 0:07:47]} 55. Rxe3 {[%clk
0:17:19]} f4+ {[%clk 0:08:06]} 56. Kf2 {[%clk 0:17:34]} fxe3+ {[%clk 0:08:11]}
57. Kxe3 {[%clk 0:17:53]} Kf5 {[%clk 0:08:03]} 58. Ke2 {[%clk 0:16:54]} Kf4
{[%clk 0:06:21]} 59. Kf2 {[%clk 0:16:34]} g3+ {[%clk 0:06:35]} 60. Ke2 {[%clk
0:16:12]} Ke4 {[%clk 0:06:50]} 61. Kd2 {[%clk 0:15:53]} Kd4 {[%clk 0:05:48]} 62.
Ke2 {[%clk 0:16:05]} Ke4 {[%clk 0:06:05]} 1/2-1/2

[Event "Girls U12 Polish Youth Championship"]
[Site "chess24.com"]
[Date "2018.04.30"]
[Round "3"]
[White "Dallemura, Anna"]
[Black "Wichura, Sara"]
[Result "1-0"]
[Board "15"]
[WhiteElo "1268"]
[WhiteCountry "POL"]
[WhiteFideId "21823022"]
[WhiteEloChange "7"]
[BlackElo "1179"]
[BlackCountry "POL"]
[BlackFideId "21816670"]
[BlackEloChange "-7"]

1. e4 {[%clk 1:30:57]} c5 {[%clk 1:30:54]} 2. Nf3 {[%clk 1:31:18]} Nc6 {[%clk
1:31:18]} 3. d4 {[%clk 1:31:34]} cxd4 {[%clk 1:31:39]} 4. Nxd4 {[%clk 1:31:59]}
Nf6 {[%clk 1:31:43]} 5. Nc3 {[%clk 1:32:08]} d6 {[%clk 1:32:06]} 6. Be3 {[%clk
1:32:16]} e6 {[%clk 1:31:16]} 7. Qe2 {[%clk 1:31:41]} Be7 {[%clk 1:30:27]} 8.
O-O-O {[%clk 1:31:40]} Qa5 {[%clk 1:27:30]} 9. Ndb5 {[%clk 1:25:23]} Qd8 {[%clk
1:22:34]} 10. Bc5 {[%clk 1:17:43]} d5 {[%clk 1:20:02]} 11. exd5 {[%clk 1:12:50]}
exd5 {[%clk 1:11:58]} 12. Nxd5 {[%clk 1:09:42]} Nxd5 {[%clk 1:10:30]} 13. Rxd5
{[%clk 1:08:49]} Bd7 {[%clk 1:10:29]} 14. Bxe7 {[%clk 0:30:52]} Nxe7 {[%clk
1:08:38]} 15. Nd6+ {[%clk 0:26:53]} Kf8 {[%clk 1:07:26]} 16. Rd1 {[%clk 0:21:31]}
Qc7 {[%clk 0:47:04]} 17. Qf3 {[%clk 0:20:01]} Be6 {[%clk 0:46:27]} 18. Qxb7
{[%clk 0:18:01]} Qxb7 {[%clk 0:43:31]} 19. Nxb7 {[%clk 0:18:23]} g6 {[%clk
0:43:25]} 20. Nc5 {[%clk 0:17:09]} Bf5 {[%clk 0:42:23]} 21. Bd3 {[%clk 0:16:16]}
Kg7 {[%clk 0:42:13]} 22. Bxf5 {[%clk 0:16:03]} Nxf5 {[%clk 0:42:38]} 23. Rd7
{[%clk 0:14:21]} Rhe8 {[%clk 0:42:18]} 24. Rhd1 {[%clk 0:12:54]} Re2 {[%clk
0:41:59]} 25. R7d2 {[%clk 0:12:35]} Rae8 {[%clk 0:41:31]} 26. Rxe2 {[%clk
0:12:15]} Rxe2 {[%clk 0:41:50]} 27. Nd3 {[%clk 0:11:52]} Nh4 {[%clk 0:41:04]} 28.
g3 {[%clk 0:10:01]} Nf3 {[%clk 0:40:52]} 29. h4 {[%clk 0:09:27]} Re6 {[%clk
0:39:52]} 30. Nf4 {[%clk 0:08:36]} Ra6 {[%clk 0:40:06]} 31. a3 {[%clk 0:08:48]}
Ne5 {[%clk 0:40:13]} 32. Rd5 {[%clk 0:06:40]} Ng4 {[%clk 0:37:38]} 33. Rd2 {[%clk
0:04:32]} Rb6 {[%clk 0:34:37]} 34. b3 {[%clk 0:04:08]} Rb5 {[%clk 0:33:13]} 35.
b4 {[%clk 0:03:18]} a5 {[%clk 0:33:00]} 36. Rd5 {[%clk 0:02:38]} Rxd5 {[%clk
0:32:01]} 37. Nxd5 {[%clk 0:03:03]} axb4 {[%clk 0:32:22]} 38. f3 {[%clk 0:02:51]}
Nh2 {[%clk 0:30:14]} 39. axb4 {[%clk 0:02:46]} Nxf3 {[%clk 0:30:36]} 40. c3
{[%clk 0:02:59]} h6 {[%clk 0:29:24]} 41. b5 {[%clk 0:03:16]} Ne5 {[%clk 0:29:25]}
42. Kd2 {[%clk 0:02:40]} f5 {[%clk 0:26:51]} 43. b6 {[%clk 0:02:10]} Nc6 {[%clk
0:26:33]} 44. Kd3 {[%clk 0:01:30]} Kf7 {[%clk 0:26:51]} 45. Kc4 {[%clk 0:01:17]}
Ke6 {[%clk 0:26:56]} 46. Kc5 {[%clk 0:01:13]} Kd7 {[%clk 0:27:02]} 47. Nf6+
{[%clk 0:01:18]} Kc8 {[%clk 0:26:39]} 48. Kxc6 {[%clk 0:01:37]} g5 {[%clk
0:27:06]} 49. hxg5 {[%clk 0:01:56]} hxg5 {[%clk 0:27:29]} 50. Nh5 {[%clk
0:02:11]} Kb8 {[%clk 0:26:31]} 51. c4 {[%clk 0:02:31]} Kc8 {[%clk 0:26:54]} 52.
b7+ {[%clk 0:02:34]} Kb8 {[%clk 0:27:19]} 53. c5 {[%clk 0:02:33]} g4 {[%clk
0:26:47]} 54. Nf4 {[%clk 0:02:42]} 1-0